00706nam a22002417a 450000500170000000800410001701000150005802000260007302000230009903500130012203700150013504000180015008200110016810000030017924500810018226000460026327000620030930000260037150000410039765000030043865000030044170000200044420111213151446.0111213t xxu||||| |||| 00| 0 eng d aENG-104314 a9780198080367c395.00 a0198080360c395.00 aEN-87847 bDBAD / PUB adplbEnglish  a327.54  aIndia's foreign policy :cedited by Sumit Gangulybretrospect and prospect / aNew Delhi bOxford University Pressc2012 aYMCA Library Building, Jai Singh RoadbNew Delhi e110001 axv,347p.c22cm (pbk)  aIncludes bibliographical references   aGanguly, Sumit